Score 0/25 Timer 05:00
0 Plays Today
% Correct
1917
75.2%
Joaquin Phoenix
60.6%
Parasite
55.9%
Once Upon a Time...in Hollywood
51.2%
Renee Zellweger
50.4%
Brad Pitt
49%
Laura Dern
44.1%
Sam Mendes
43.3%
Taron Egerton
38%
Awkwafina
37.2%
Missing Link
35.2%
Quentin Tarantino
32.1%
Fleabag
31.9%
% Correct
I'm Gonna Love...
28.7%
Chernobyl
28.7%
Succession
27.8%
Michelle Williams
22.2%
Olivia Colman
21.1%
Phoebe Waller-Bridge
21.1%
Brian Cox
20.7%
Russell Crowe
19.5%
Stellan Skarsgård
16.9%
Patricia Arquette
16.7%
Hildur Guðnadóttir
16.3%
Ramy Youssef
16.3%
Remove Ads.
Support Sporcle.
Get the best of Sporcle when you Go Orange. This ad-free experience offers more features, more stats, and more fun while also helping to support Sporcle. Thank you for becoming a member.

You're not logged in!

Compare scores with friends on all Sporcle quizzes.
OR
Log In

Sporcle TV

Today on Sporcle TV


Watch our educational content, quiz creation guides, and fun videos on Sporcle TV.

Show Comments

Extras

Top Quizzes Today


Score Distribution

Paid Content

Your Account Isn't Verified!

In order to create a playlist on Sporcle, you need to verify the email address you used during registration. Go to your Sporcle Settings to finish the process.

Report this User

Report this user for behavior that violates our Community Guidelines.

Details: